| 000 | 00521nam a22001817a 4500 | ||
|---|---|---|---|
| 999 |
_c525404 _d525404 |
||
| 003 | NUST | ||
| 038 | _aArshad | ||
| 082 |
_a891.42 _bIQB |
||
| 100 |
_aSalahu dine, Iqbal _916263 |
||
| 245 |
_aAdab khazeeny / _cIqbal Salahu dine |
||
| 260 |
_aLahore : _bAziz publisher _c1997. |
||
| 300 | _a424 p. ; | ||
| 500 | _aHardcover. | ||
| 650 |
_aUrdu litrature _916264 |
||
| 880 |
_6100-01\r _aاقبال صلاح الدین |
||
| 880 |
_6245-02ؔ\r _aادب خزٰینے / _cاقبال صلاح الدین |
||
| 942 |
_2ddc _cBK |
||